| 000 | 01062nam0a2200289 4500 | ||
|---|---|---|---|
| 001 | RU\NLR\b_ik\121743 | ||
| 005 | 20260406135515.0 | ||
| 010 |
_a5-8346-0175-8 _95000 |
||
| 035 | _a(NLR Aleph) 002195266 | ||
| 090 |
_a2966964 _c2966964 |
||
| 100 | _a20041217d2005 |||y0rusy50 ca | ||
| 101 | 0 | _aeng | |
| 102 | _aRU | ||
| 105 | _ay ||||||||| | ||
| 200 | 1 |
_aThe razor's edge _e[Кн. для чтения на англ. яз.] _fWilliam Somerset Maugham _g[Коммент. М.В. Дьячкова] |
|
| 210 |
_aМ. _cМенеджер _d[2005] |
||
| 215 |
_a319 с. _d20 |
||
| 300 | _aВ вып. дан.: Острие бритвы / У.С. Моэм | ||
| 517 | 0 | _aОстрие бритвы | |
| 606 | 0 |
_aАнглийский язык _jХрестоматии _9972309 _3RU\NLR\AUTH\6646032 |
|
| 686 | 4 | _aШ6(4Вл)61-440.4{Лх1298.1-50} | |
| 686 | 4 | _aШ143.21-93рус 91 | |
| 700 | 1 |
_4070 _8eng _7ba _aMaugham _bW. S. _f1874-1965 _gWilliam Somerset _3RU\NLR\AUTH\772691 _9112699 |
|
| 801 | 0 |
_aRU _bNLR _c20040324 _gPSBO |
|
| 942 | _cBOOK | ||
| 980 | _aNB | ||